|
|
|
|
| LEADER |
01166nam a2200325 a 4500 |
| 001 |
c000140021 |
| 003 |
CARM |
| 005 |
19920630000000.0 |
| 008 |
740513s1974 enk b 001 0 eng |
| 010 |
|
|
|a 73082446 //r90
|
| 015 |
|
|
|a GB***
|
| 019 |
1 |
|
|a 523169
|5 LACONCORD2021
|
| 020 |
|
|
|a 0521203104
|
| 035 |
|
|
|a (OCoLC)922448
|5 LACONCORD2021
|
| 040 |
|
|
|a LC
|b eng
|c LC
|d ANL:MS
|
| 043 |
|
|
|a e-uk---
|
| 050 |
0 |
0 |
|a LB675.S482
|b S94
|
| 082 |
0 |
0 |
|a 370/.942
|
| 100 |
1 |
|
|a Sylvester, David William,.
|
| 245 |
1 |
0 |
|a Robert Lowe and Education
|c [by] D. W. Sylvester.
|
| 260 |
|
|
|a [London,
|a New York]
|b Cambridge University Press
|c [1974]
|
| 300 |
|
|
|a 240 p.
|c 22 cm.
|
| 490 |
0 |
|
|a Cambridge texts and studies in the history of education
|
| 504 |
|
|
|a Bibliography: p. [228]-236.
|
| 600 |
1 |
0 |
|a Sherbrooke, Robert Lowe,
|c Viscount,
|d 1811-1892.
|
| 650 |
|
0 |
|a Education
|x Philosophy.
|
| 650 |
|
0 |
|a Education
|z Great Britain
|x History.
|
| 852 |
8 |
|
|b CARM
|h A2:AD18B0
|i B00600
|p 0027370
|f BK
|
| 999 |
f |
f |
|i 6a0e345b-3c1f-5e23-8a5c-60f65b432b84
|s e1f2fe53-13a2-5b6b-9df9-ccf288dd3e5c
|
| 952 |
f |
f |
|p Can circulate
|a CAVAL
|b CAVAL
|c CAVAL
|d CARM 1 Store
|e B00600
|f A2:AD18B0
|h Other scheme
|i book
|m 0027370
|